000
00307nam a22001337a 4500
008
181015b xxu||||| |||| 00| 0 eng d
020
_a
9780130414687
041
_a
eng
080
_a
371
100
_a
46
101
_a
EDU
245
_a
Reading in the Academic Environment
_c
Dillard,M.L
942
_2
udc
_c
BK
999
_c
49678
_d
49678